000 00353nam a22001097a 4500
082 _a321.8973 CAR'A
100 _aBERNSTEIN, MARVER H,CARR, ROBERT K,MORRISON, DONALD H
_960508
245 _aAMERICAN DEMOCRACY IN THEORY AND PRACTICE ESSENTIALS OF NATIONAL STATE AND LOCAL GOVERNMENT
260 _aNEWYORK
_bRINEHART
_c1957
300 _a737P
942 _cBK
999 _c570213
_d570213